000 00629nam a2200193 i 4500
001 47646
003 ES-MaACL
005 20250811071123.0
007 t|
008 030512s1933 sp ||||1| spa d
080 _a37.014.6:351.851(460)
110 1 _aEspaña.
_bMinisterio de Instrucción Pública y Bellas Artes
_9226896
245 1 4 _aLos consejos de protección escolar.
260 _a[Madrid] :
_bInspección Central de Primera Enseñanza,
_c[1933?]
300 _a35 p. ;
_c24 cm.
650 4 _aInspección escolar-
_zEspaña-
_vLegislación.
_913825
852 _aES-MaACL
_j1794-F-15
999 _c47646
_d47646